• 首页
  • 本馆介绍
  • 公告通知
  • 最新文献
  • 馆藏检索
  • 电子资源
  • 读者导购
  • 参考咨询
  • 我的图书馆
  • 登录
  • 详细信息显示
  • 放入我的书架
  • 预约/预借图书
  • 作者相关作品
  • 分类相关作品
  • 丛书相关作品
  • 出版社相关作品

书目信息

  • 表格格式
  • 工作单格式
  • 卡片格式
题名:
用年表读懂中国历史
    
 
作者: 李光欣 著 ;钟翟 绘
分册:  
出版信息: 北京   九州出版社  2017.08
页数: 200页
开本: 19x20cm
丛书名:
单 册:
中图分类: K208
科图分类:
主题词: 中国历史--zhong guo li shi--历史年表
电子资源:
ISBN: 978-7-5108-5355-5
000 01130nam0 2200301 450
001 CAL 0120172224970
005 20171228143742.83
010    @a978-7-5108-5355-5@b@dCNY35.00
100    @a20170811d2017 em y0chiy50 ea
101 0  @achi
102    @aCN@b110000
105    @aa z 000yy
106    @ar
200 1  @a用年表读懂中国历史@Ayong nian biao du dong zhong guo li shi@d= Chinese history@f李光欣著@g钟翟绘@zeng
210    @a北京@c九州出版社@d2017.08
215    @a200页@c图@d19x20cm
300    @a手绘插图版
306    @a经汉湘文化事业股份有限公司授权出版
314    @a李光欣, 淡江大学历史系毕业。
330    @a本书以年表为主轴, 上溯远古, 下迄近代, 串联各个时期的史实、人物及军事、政治、文化、艺术等, 帮助读者简单、快速了解中国各个朝代的变迁。本书还精选出三百多个重要事件, 简明扼要地加以叙述, 以便读者轻松掌握这些窥知人口的历史典故。
510 1  @aChinese history@zeng
606 0  @a中国历史@Azhong guo li shi@x历史年表
690    @aK208@v5
701  0 @a李光欣@Ali guang xin@4著
702  0 @a钟翟@Azhong zhai@4绘
801  0 @aCN@b人天书店@c20170811@g
905    @aBZT@dK208@e2
906    @dCNY35.00@n3@r1
    
    用年表读懂中国历史= Chinese history/李光欣著/钟翟绘.-北京:九州出版社,2017.08
    200页:图;19x20cm
    手绘插图版
    
    ISBN 978-7-5108-5355-5:CNY35.00
    本书以年表为主轴, 上溯远古, 下迄近代, 串联各个时期的史实、人物及军事、政治、文化、艺术等, 帮助读者简单、快速了解中国各个朝代的变迁。本书还精选出三百多个重要事件, 简明扼要地加以叙述, 以便读者轻松掌握这些窥知人口的历史典故。
●
相关链接 在五车中查询图书 在当当中查询图书 在豆瓣中查询图书


正题名:用年表读懂中国历史     索取号:K208/2         预约/预借

序号 登录号 条形码 馆藏地/架位号 状态 备注
1 839024   2000839024   第二书库/ [索取号:K208/2] 在馆    
2 839025   2000839025   第二书库/ [索取号:K208/2] 在馆    
3 839026   2000839026   第二书库/ [索取号:K208/2] 在馆    
山东省滨州职业学院图书馆 欢迎您!
大连网信软件有限公司© 版权所有